[Event "Santiago op U2200 prep"]
[Site "Santiago de Chile"]
[Date "2017.01.14"]
[Round "1.3"]
[White "Hernandez Cueto, Camilo"]
[Black "Seguel Perez, Rene Alejandro"]
[Result "0-1"]
[WhiteElo "1298"]
[BlackElo "1952"]
[PlyCount "42"]
[EventDate "2017.01.14"]
[EventType "swiss"]
[EventRounds "5"]
[EventCountry "CHI"]
[SourceTitle "EXT 2024"]
[Source "ChessBase"]
[SourceDate "2023.10.10"]
[SourceVersion "1"]
[SourceVersionDate "2023.10.10"]
[SourceQuality "1"]

1. d4 Nf6 2. c4 g6 3. Nc3 Bg7 4. e4 d6 5. Nf3 0-0 6. Be2 e5 7. d5 Nbd7 8. Be3 Ng4 9. Bd2 f5 10. h3 Nxf2 11. Kxf2 fxe4 12. Nxe4 Qh4+ 13. Ng3 e4 14. Qc2 Bd4+ 15. Be3 exf3 16. Bxf3 Bxe3+ 17. Kxe3 Qxg3 18. Raf1 Ne5 19. Kd2 Bf5 20. Qb3 Bd3 21. Be4 Qg5+ 0-1

[Event "Santiago op U2200 prep"]
[Site "Santiago de Chile"]
[Date "2017.01.14"]
[Round "2.4"]
[White "Seguel Perez, Rene Alejandro"]
[Black "Carrera Rojas, Ricardo"]
[Result "1-0"]
[WhiteElo "1952"]
[BlackElo "1535"]
[PlyCount "81"]
[EventDate "2017.01.14"]
[EventType "swiss"]
[EventRounds "5"]
[EventCountry "CHI"]
[SourceTitle "EXT 2024"]
[Source "ChessBase"]
[SourceDate "2023.10.10"]
[SourceVersion "1"]
[SourceVersionDate "2023.10.10"]
[SourceQuality "1"]

1. e4 e5 2. Nf3 Nc6 3. Bb5 Nf6 4. 0-0 a6 5. Ba4 b5 6. Bb3 Be7 7. Re1 d6 8. c3 Na5 9. d4 Bg4 10. dxe5 Bxf3 11. Qxf3 dxe5 12. Rd1 Qc8 13. Bc2 Nc4 14. b3 Nd6 15. Bg5 Qg4 16. Qxg4 Nxg4 17. Bxe7 Kxe7 18. Nd2 Rad8 19. Nf1 g6 20. f3 Nh6 21. a4 f5 22. Ne3 c6 23. axb5 f4 24. Rxd6 Rxd6 25. Nc4 axb5 26. Nxd6 Kxd6 27. Ra7 Ke6 28. b4 g5 29. Bb3+ Kf6 30. Rc7 g4 31. Rxc6+ Kg5 32. Rc5 g3 33. Rxe5+ Kh4 34. Bd5 Rc8 35. Re6 Rxc3 36. Rxh6+ Kg5 37. Rc6 Ra3 38. Rc1 Kh4 39. e5 Rd3 40. Bc4 gxh2+ 41. Kxh2 1-0

[Event "Ciudad Guayana Cabrera Memorial Up1900"]
[Site "Ciudad Guayana"]
[Date "2016.04.19"]
[Round "7"]
[White "Seguel Perez, Rene Alejandro"]
[Black "Sosa Perez, Rafael Antonio"]
[Result "1/2-1/2"]
[WhiteElo "1969"]
[BlackElo "1861"]
[PlyCount "106"]
[EventDate "2016.04.15"]
[EventType "swiss"]
[EventRounds "7"]
[EventCountry "VEN"]
[SourceTitle "EXT 2022"]
[Source "ChessBase"]
[SourceDate "2021.10.06"]
[SourceVersion "1"]
[SourceVersionDate "2021.10.06"]
[SourceQuality "1"]

1. e4 e5 2. Nf3 Nc6 3. Bb5 a6 4. Ba4 Nf6 5. 0-0 b5 6. Bb3 Be7 7. Qe2 0-0 8. c3 d6 9. h3 Na5 10. Bc2 c5 11. d4 Qc7 12. Rd1 h6 13. b3 Re8 14. a4 c4 15. b4 Nb3 16. Bxb3 cxb3 17. axb5 a5 18. bxa5 Rxa5 19. Rxa5 Qxa5 20. c4 exd4 21. Nxd4 Qa2 22. Nc3 Qxe2 23. Ndxe2 Be6 24. Rd4 Bd8 25. Ng3 Ba5 26. Bb2 Bxc3 27. Bxc3 Rc8 28. Nf5 Bxf5 29. exf5 d5 30. b6 dxc4 31. b7 Rb8 32. Rxc4 Rxb7 33. Bxf6 gxf6 34. Rc1 b2 35. Rb1 Rb5 36. Kf1 Kg7 37. Ke2 Re5+ 38. Kd3 Rxf5 39. Rxb2 Kg6 40. f3 Rf4 41. Ke3 Ra4 42. Rb8 Rc4 43. Rg8+ Kh7 44. Rg4 Rc5 45. Kd4 Ra5 46. Re4 Kg6 47. Ke3 Ra3+ 48. Kf4 Ra5 49. g3 Rb5 50. h4 Ra5 51. g4 Rb5 52. Re8 Kg7 53. Rc8 Ra5 1/2-1/2

[Event "Ciudad Guayana Cabrera Memorial Up1900"]
[Site "Ciudad Guayana"]
[Date "2016.04.16"]
[Round "3"]
[White "Chacin Garcia, German Atilano"]
[Black "Seguel Perez, Rene Alejandro"]
[Result "1-0"]
[WhiteElo "2122"]
[BlackElo "1969"]
[PlyCount "115"]
[EventDate "2016.04.15"]
[EventType "swiss"]
[EventRounds "7"]
[EventCountry "VEN"]
[SourceTitle "EXT 2022"]
[Source "ChessBase"]
[SourceDate "2021.10.06"]
[SourceVersion "1"]
[SourceVersionDate "2021.10.06"]
[SourceQuality "1"]

1. e4 e6 2. d4 d5 3. Nc3 Bb4 4. e5 c5 5. a3 Bxc3+ 6. bxc3 Qa5 7. Bd2 Qa4 8. Qb1 a6 9. Nf3 Ne7 10. Bd3 Nbc6 11. dxc5 Qg4 12. 0-0 0-0 13. Be3 f6 14. Bd4 Ng6 15. Bxg6 Qxg6 16. Re1 Na5 17. Nd2 Qg5 18. Qd1 Bd7 19. Re3 f5 20. Rg3 Qe7 21. f4 Ba4 22. Rb1 Rac8 23. Rb4 Be8 24. Kh1 Nc6 25. Rb6 Rc7 26. Qe2 Qh4 27. Qf2 Kh8 28. Qe3 Qe7 29. Rh3 Nb8 30. Nf3 Rc6 31. Rb1 Qc7 32. Ng5 h6 33. Rb6 Nd7 34. Nxe6 Rxb6 35. cxb6 Qc4 36. Nxf8 Qf1+ 37. Qg1 Qxg1+ 38. Kxg1 Nxf8 39. Re3 Ne6 40. g3 Bb5 41. Re1 Kg8 42. Kf2 Kf7 43. Ke3 Nd8 44. h3 Ke6 45. g4 Ba4 46. Re2 Bb5 47. Rg2 g6 48. Bc5 Bf1 49. Rg3 Bb5 50. Bf8 Nf7 51. Bg7 Ba4 52. Rg2 Bb5 53. h4 Bf1 54. Rg1 Bc4 55. h5 g5 56. gxf5+ Kxf5 57. Bxh6 Nxh6 58. Rxg5+ 1-0

[Event "Ciudad Guayana Cabrera Memorial Up1900"]
[Site "Ciudad Guayana"]
[Date "2016.04.15"]
[Round "1"]
[White "Seguel Perez, Rene Alejandro"]
[Black "Alvarez, Jean Carlos"]
[Result "1-0"]
[WhiteElo "1969"]
[BlackElo "1826"]
[PlyCount "31"]
[EventDate "2016.04.15"]
[EventType "swiss"]
[EventRounds "7"]
[EventCountry "VEN"]
[SourceTitle "EXT 2022"]
[Source "ChessBase"]
[SourceDate "2021.10.06"]
[SourceVersion "1"]
[SourceVersionDate "2021.10.06"]
[SourceQuality "1"]

1. e4 c5 2. Nf3 d6 3. c3 g6 4. d4 cxd4 5. cxd4 Bg7 6. Nc3 Nf6 7. Bg5 0-0 8. Be2 Nbd7 9. e5 dxe5 10. dxe5 Ng4 11. Nd5 Qa5+ 12. b4 Ne3 13. fxe3 Qa3 14. 0-0 e6 15. Ne7+ Kh8 16. Nxc8 1-0